banner koha

Flora das cangas da Serra dos Carajás, Pará, Brasil: Lauraceae (Registro n. 331771)

MARC details
000 -LÍDER
fixed length control field 02296nab a2200241 i 4500
003 - CÓDIGO MARC DA AGÊNCIA CATALOGADORA
Campo de controle BR-BrBNA
005 - DATA E HORA DA ÚLTIMA ATUALIZAÇÃO
Campo de controle 20250528144031.0
008 - CAMPO DE TAMANHO FIXO
fixed length control field 250528b2018 bl.qr|pooa||| 00| 0 por |
040 ## - FONTE DA CATALOGAÇÃO
Agência catalogadora BR-BrBNA
Idioma da catalogação por
072 ## - CATEGORIA AGRIS
Código AGRIS F70
100 ## - ENTRADA PRINCIPAL - NOME PESSOAL
Nome pessoal Moraes, Pedro Luís Rodrigues de
245 ## - TÍTULO PRINCIPAL
Título principal Flora das cangas da Serra dos Carajás, Pará, Brasil: Lauraceae
500 ## - NOTA GERAL
Nota geral Publicação on-line; Bibliography p. 114-117 (70 ref.); Summaries (En, Pt)
942 ## - ADDED ENTRY ELEMENTS (KOHA)
Koha item type Analítica
520 ## - NOTA DE RESUMO
Nota de conteúdo <br/><br/>Resumo<br/><br/>São reportadas 32 espécies pertencentes a 11 gêneros de Lauraceae na FLONA Carajás (Pará, Brasil): Aiouea<br/>(4), Aniba (4), Cassytha (1), Endlicheria (2), Kubitzkia (1), Licaria (2), Mezilaurus (2), Nectandra (5), Ocotea<br/>(9), Paraia (1) e Rhodostemonodaphne (1). Deste total, apenas Aiouea myristicoides, Aniba williamsii, Cassytha<br/>filiformis, Kubitzkia mezii, Mezilaurus itauba, Nectandra cuspidata e Ocotea puberula tiveram registros de<br/>ocorrência em áreas de cangas, com as demais espécies ocorrendo em formações florestais. Apresentam-se<br/>descrições, chaves de identificação, comentários e ilustrações das espécies.<br/><br/>Palavras-chave: FLONA Carajás, Pará, taxonomia.<br/><br/><br/><br/><br/>Abstract<br/><br/>The Lauraceae found in the FLONA of Carajás (Pará, Brazil) comprise 32 species belonging to 11 genera:<br/>Aiouea (4), Aniba (4), Cassytha (1), Endlicheria (2), Kubitzkia (1), Licaria (2), Mezilaurus (2), Nectandra (5),<br/>Ocotea (9), Paraia (1) and Rhodostemonodaphne (1). However, only Aiouea myristicoides, Aniba williamsii, <br/>Cassytha filiformis, Kubitzkia mezii, Mezilaurus itauba, Nectandra cuspidata and Ocotea puberula were recorded <br/>in the iron-ore outcrops, while all the other species ocurred in the forest. We present here descriptions,<br/>identification keys, comments and illustrations regarding the species studied.<br/><br/>Key words: FLONA Carajás, Pará state, taxonomy.
650 ## - ASSUNTO - THESAGRO
Cabeçalho tópico ou nome geográfico CARAJÁS
650 ## - ASSUNTO - THESAGRO
Cabeçalho tópico ou nome geográfico PARÁ
650 ## - ASSUNTO - THESAGRO
Cabeçalho tópico ou nome geográfico TAXONOMIA
650 ## - ASSUNTO - THESAGRO
Cabeçalho tópico ou nome geográfico LAURACEAE
773 0# - ENTRADA ANALÍTICA
Host Biblionumber 709
Registro do item 350699
Imprenta Rio de Janeiro-RJ Jardim Botanico do Rio de Janeiro 1935
Outro identificador 2025-3324
Título Rodriguésia (Brazil)
ISSN 0370-6583; 2175-7860 on-line
Colação v. 69(1) p. 081-117; (2018)
Número de controle de registro BR2025001285
856 ## - ACESSO E ENDEREÇO ELETRÔNICO
Identificador uniforme de recurso - URI https://www.scielo.br/j/rod/a/x6P4RpJvvvBJXfykkqzTVZp/?format=pdf&lang=pt

Nenhum exemplar disponível.

BINAGRI

Telefone: (61)3218-2567/2388/3357/2097 - binagri@agro.gov.br

Ministério da Agricultura e Pecuária , Esplanada dos Ministérios, Bloco D, Anexo B, Brasília/DF, CEP: 70.043-900